000 00746nam a2200253 i 4500
001 14894
003 ES-MaACL
005 20250809030229.0
007 t|
008 960220s1999 sp |||| | spa d
020 _a84-88277-49-0
080 _a349.2(460)(075.8)
080 _a369(460)(075.8)
245 0 0 _aMemento práctico social 1999.
246 3 _aMemento social
_b: 1999
250 _aAct. a 14 de marzo de 1999.
260 _aMadrid :
_bFrancis Lefebvre,
_c1999.
300 _a1466 p. ;
_c24 cm.
650 1 4 _aDerecho laboral-
_zEspaña
_911726
650 4 _aDerecho de la seguridad social-
_zEspaña
_911696
710 2 _aEdiciones Francis Lefebvre.
_9158696
852 _aES-MaACL
_jL-22075
999 _c14894
_d14894